AH International Schools' Libraries

Rainbow magic : Pet parade / (Record no. 48013)

MARC details
000 -LEADER
fixed length control field 00278nam a2200097 4500
020 ## - INTERNATIONAL STANDARD BOOK NUMBER
International Standard Book Number 9781408345795
245 ## - TITLE STATEMENT
Title Rainbow magic : Pet parade /
Statement of responsibility, etc by Daisy Meadows.
260 ## - PUBLICATION, DISTRIBUTION, ETC. (IMPRINT)
Place of publication, distribution, etc London :
Name of publisher, distributor, etc Orchard Books ;
Date of publication, distribution, etc 2017.
300 ## - PHYSICAL DESCRIPTION
Extent 32 pages.
Dimensions 8.31 x 0.12 x 6.54 inches.
942 ## - ADDED ENTRY ELEMENTS (KOHA)
Source of classification or shelving scheme
Koha item type Book
Holdings
Withdrawn status Lost status Source of classification or shelving scheme Damaged status Not for loan Home library Current library Date acquired Total Checkouts Full call number Barcode Checked out Date last seen Date checked out Price effective from Koha item type Public note
          Logos International School Logos International School 12/02/2024 10 X MEA 040199 05/04/2026 04/24/2026 04/24/2026 12/02/2024 Book Basket 2

For any Logos Library related questions please contact Miss Art at swongnarasuk@asianhope.org.

For any Asian Hope Library related questions please contact Miss Raza at graza@asianhope.org.

Click here to explore our ebooks!

Powered by Koha